000 00455nab a2200145Ia 4500
003 ES-SlBCS
005 20210601125452.0
008 140529s1984-985xxu||||| |||| 00| 0 eng d
041 _aeng
100 1 _aChrinstensen, Darrel E.
_9159017
245 0 0 _aWhitehead's Prehension and Hegel's Mediation
_c Darrel E. Chrinstensen
600 1 4 _aWhitehead-Hegel
_9157533
773 0 _tReview of Methaphysics
_gvol. 38, 1984-985, págs. 341-374
_wRev843
942 _cAR
999 _c530845
_d530845